000 00356pam a2200145 a 4500
020 _a81-8204-030-2
_c
041 _h
082 _a613.12
_bTAL
100 _aA Talukdar.
245 _aParleza l hotel part
_hTextual Documents
250 _a1 st ed /
_b2010.
260 _anew delhi
_bAMAN PUBLICATIONS PRIVATE LIMITED
300 _a183.
930 _a6342
999 _c233739
_d233739